[Event "Buenos Aires Clarin op"]
[Site "Buenos Aires"]
[Date "1995.??.??"]
[Round "3"]
[White "Zarnicki, Pablo"]
[Black "Tempone, Marcelo"]
[Result "1/2-1/2"]
[WhiteElo "2520"]
[BlackElo "2415"]
[PlyCount "114"]
[EventDate "1995.05.??"]
[Source "ChessBase"]

1. e4 d5 2. exd5 Qxd5 3. Nc3 Qa5 4. d4 Nf6 5. Nf3 Bf5 6. Bc4 c6 7. O-O e6 8. h3 Nbd7 9. Bd2 Qc7 10. Re1 Be7 11. Nh4 Bg6 12. Nxg6 hxg6 13. Bb3 Nb6 14. Qf3 O-O 15. Ne2 Rad8 16. c3 c5 17. Bf4 Qc8 18. Rad1 c4 19. Bc2 Nbd5 20. Bg5 b5 21. a3 Qc7 22. Ng3 Rfe8 23. h4 Nh7 24. Bxe7 Qxe7 25. h5 gxh5 26. Bxh7+ Kxh7 27. Qxh5+ Kg8 28. Ne4 g6 29. Qe5 f6 30. Qg3 Kg7 31. Nc5 Qd6 32. Qh3 Nf4 33. Qf3 Rb8 34. Re4 Nd5 35. Qh3 f5 36. Re5 Nc7 37. Rde1 Re7 38. Qe3 Rbe8 39. f3 Rh8 40. d5 Nxd5 41. Qd4 Kf7 42. Nxe6 Qb6 43. Qxb6 axb6 44. Rxd5 Rxe6 45. Rxe6 Kxe6 46. Rxb5 Rb8 47. a4 Kd6 48. a5 Kc6 49. Rxb6+ Rxb6 50. axb6 Kxb6 51. Kf2 f4 52. Ke2 Kb5 53. Kd2 Ka5 54. Kc2 Ka4 55. Kd1 Kb5 56. Ke2 Ka4 57. Kd2 Kb5 1/2-1/2

[Event "Manila ol (Men)"]
[Site "Manila PHI"]
[Date "1992.??.??"]
[Round "?"]
[White "Antonio, Rogelio jr"]
[Black "Westerinen, Heikki M J"]
[Result "1-0"]
[WhiteElo "2500"]
[BlackElo "2430"]
[PlyCount "51"]
[EventDate "1992.06.??"]
[Source "www.chesslib.no"]
[SourceDate "2004.05.04"]

1. e4 d5 2. exd5 Qxd5 3. Nc3 Qa5 4. d4 Nf6 5. Nf3 Bf5 6. Ne5 c6 7. Bc4 e6 8. O-O Nbd7 9. Re1 Nxe5 10. dxe5 Ng4 11. Bf4 Nxf2 12. Qf3 Bc5 13. Kf1 Qb4 14. Bb3 Bg4 15. Qg3 h5 16. Be3 Nh1 17. Qf4 Qxf4+ 18. Bxf4 O-O-O 19. Be3 Bxe3 20. Rxe3 Rd2 21. Ne4 Rhd8 22. Nxd2 Rxd2 23. Rd3 Rf2+ 24. Kg1 Be2 25. Rd2 h4 26. Re1 1-0

[Event "Moncase"]
[Site "Moncase"]
[Date "1993.??.??"]
[Round "7"]
[White "Campora, Daniel H"]
[Black "Westerinen, Heikki M J"]
[Result "1/2-1/2"]
[WhiteElo "2550"]
[BlackElo "2380"]
[PlyCount "35"]
[EventDate "1993.??.??"]
[Source "www.chesslib.no"]
[SourceDate "2004.05.04"]

1. e4 d5 2. exd5 Qxd5 3. Nc3 Qa5 4. d4 Nf6 5. Nf3 Bf5 6. Ne5 c6 7. Bc4 e6 8. O-O Nbd7 9. Nxd7 Kxd7 10. a3 Bd6 11. Ne2 Rad8 12. Bf4 Qc7 13. Bxd6 Qxd6 14. h3 Kc8 15. Qc1 h6 16. Rd1 g5 17. Bd3 Bxd3 18. Rxd3 1/2-1/2

[Event "Zaragoza op-A"]
[Site "Zaragoza"]
[Date "1995.??.??"]
[Round "4"]
[White "Strikovic, Aleksa"]
[Black "Mellado Trivino, Juan"]
[Result "1-0"]
[WhiteElo "2485"]
[BlackElo "2445"]
[PlyCount "53"]
[EventDate "1995.06.??"]
[Source "www.chesslib.no"]
[SourceDate "2004.05.04"]

1. e4 d5 2. exd5 Qxd5 3. Nc3 Qa5 4. d4 Nf6 5. Nf3 Bf5 6. Bc4 c6 7. Ne5 e6 8. O-O Nbd7 9. Qe2 Nxe5 10. dxe5 Nd7 11. f4 Bg4 12. Qxg4 Qc5+ 13. Kh1 Qxc4 14. Be3 Nxe5 15. Qg3 Ng6 16. Rfd1 e5 17. f5 Nf4 18. Bxf4 Qxf4 19. Qd3 Qd4 20. Qe2 Qc5 21. Ne4 Qa5 22. f6 g6 23. Nd6+ Bxd6 24. Rxd6 O-O 25. Qe3 Kh8 26. Qh6 Rg8 27. Rd3 1-0

[Event "HUN-chT 9697"]
[Site "?"]
[Date "1996.??.??"]
[Round "3"]
[White "Mrva Martin"]
[Black "Horvath Csaba"]
[Result "0-1"]
[WhiteElo "2385"]
[BlackElo "2540"]
[PlyCount "98"]
[EventDate "1996.??.??"]
[Source "www.chesslib.no"]
[SourceDate "2004.05.04"]

1. e4 d5 2. exd5 Qxd5 3. Nc3 Qa5 4. d4 Nf6 5. Nf3 Bf5 6. Ne5 c6 7. Nc4 Qd8 8. Be2 e6 9. Bf3 Nbd7 10. g4 Bg6 11. h4 h5 12. g5 Nd5 13. Ne2 Qc7 14. Ng3 O-O-O 15. O-O c5 16. Bxd5 exd5 17. Ne3 Nb6 18. c3 cxd4 19. cxd4 Qd7 20. Ng2 Bd6 21. Bf4 Kb8 22. Rc1 f6 23. gxf6 gxf6 24. Qf3 Be4 25. Bxd6+ Qxd6 26. Qf4 Qxf4 27. Nxf4 Rdg8 28. Nfe2 Nc4 29. Rc3 Nd2 30. Rfc1 Nf3+ 31. Kf1 Nxh4 32. Nf4 Nf3 33. Nfxh5 f5 34. Nf6 Rg7 35. Nxf5 Bxf5 36. Rxf3 Rh1+ 37. Ke2 Rxc1 38. Rxf5 Rf7 39. Rf4 Rc2+ 40. Kf3 Rxb2 41. Kg4 Rxa2 42. Kg5 Ra6 43. Nxd5 Rxf4 44. Kxf4 Re6 45. Kf5 Re8 46. f4 b5 47. Kf6 a5 48. f5 b4 49. Kf7 Rc8 0-1

[Event "Jyvaskyla Open"]
[Site "Jyvaskyla FIN"]
[Date "1991.??.??"]
[Round "7"]
[White "Lanka, Zigurds"]
[Black "Westerinen, Heikki M J"]
[Result "0-1"]
[WhiteElo "2510"]
[BlackElo "2410"]
[PlyCount "86"]
[EventDate "1991.??.??"]
[Source "www.chesslib.no"]
[SourceDate "2004.05.04"]

1. e4 d5 2. exd5 Qxd5 3. Nc3 Qa5 4. d4 Nf6 5. Nf3 Bf5 6. Bc4 e6 7. Bd2 c6 8. Qe2 Bb4 9. a3 Nbd7 10. O-O Bxc3 11. Bxc3 Qc7 12. Nh4 Be4 13. f3 Bd5 14. Bd3 O-O-O 15. Bd2 Qb6 16. Qf2 Rhg8 17. c4 g5 18. cxd5 Nxd5 19. b4 gxh4 20. b5 cxb5 21. Qxh4 Ne5 22. Rac1+ Nc7 23. Bxh7 Rg7 24. Rxc7+ Qxc7 25. Be4 Rdg8 26. g3 f5 27. dxe5 Qb6+ 28. Kg2 fxe4 29. Qxe4 Rc7 30. Bb4 Qc6 31. Qe3 Qa6 32. Rc1 Rc4 33. Bd6 Qc6 34. Rxc4 bxc4 35. Qxa7 Kd7 36. Qd4 Qd5 37. Qf4 Rc8 38. Bb4 Kc6 39. Bc3 Kb5 40. Qc1 Rf8 41. Qb2+ Kc6 42. Qf2 b6 43. h4 Qd3 0-1

[Event "TCh-SVK, SVK"]
[Site "?"]
[Date "2001.??.??"]
[Round "11"]
[White "Czebe, A."]
[Black "Dobrovolsky, L."]
[Result "0-1"]
[WhiteElo "2520"]
[BlackElo "2400"]
[PlyCount "47"]
[EventDate "2001.??.??"]
[Source "www.chesslib.no"]
[SourceDate "2004.05.04"]

1. e4 d5 2. exd5 Qxd5 3. Nc3 Qa5 4. d4 Nf6 5. Nf3 Bf5 6. Bd2 c6 7. Ne4 Qc7 8. Nxf6+ exf6 9. Be2 Bd6 10. O-O O-O 11. c4 Re8 12. Re1 Nd7 13. g3 Nf8 14. Nh4 Be6 15. Bd3 Qd7 16. Re4 f5 17. Re1 f4 18. gxf4 Bg4 19. Qc2 Qc7 20. Ng2 Ne6 21. Bxh7+ Kh8 22. Be3 Bxf4 23. Nxf4 Nxf4 24. h4 0-1

[Event "Gausdal Masters"]
[Site "Gausdal"]
[Date "1996.??.??"]
[Round "8"]
[White "Djurhuus, Rune"]
[Black "Westerinen, Heikki MJ"]
[Result "1/2-1/2"]
[WhiteElo "2505"]
[BlackElo "2410"]
[PlyCount "23"]
[EventDate "1996.01.??"]
[Source "ChessBase"]

1. e4 d5 2. exd5 Qxd5 3. Nc3 Qa5 4. d4 Nf6 5. Nf3 Bf5 6. Bc4 e6 7. Bd2 c6 8. Nd5 Qd8 9. Nxf6+ Qxf6 10. c3 Nd7 11. Qb3 O-O-O 12. O-O 1/2-1/2

[Event "Troll Masters"]
[Site "Gausdal NOR"]
[Date "1993.??.??"]
[Round "3"]
[White "Kotronias, Vasilios"]
[Black "Westerinen, Heikki M J"]
[Result "1-0"]
[WhiteElo "2530"]
[BlackElo "2380"]
[PlyCount "139"]
[EventDate "1993.01.??"]
[Source "www.chesslib.no"]
[SourceDate "2004.05.04"]

1. e4 d5 2. exd5 Qxd5 3. Nc3 Qa5 4. d4 Nf6 5. Nf3 Bf5 6. Bc4 e6 7. O-O c6 8. Ne5 Nbd7 9. Nxd7 Kxd7 10. Bf4 Nd5 11. Nxd5 cxd5 12. Bb3 Bd6 13. Bxd6 Kxd6 14. Qf3 Ke7 15. Rfe1 Be4 16. Qh5 Qb6 17. c4 dxc4 18. Bxc4 Rhc8 19. Bxe6 Qxe6 20. Qh4+ Kf8 21. Rxe4 Qf5 22. Re5 Qd3 23. Qe7+ Kg8 24. Rae1 h6 25. d5 b5 26. h3 Rd8 27. Qb7 a5 28. R1e3 Qb1+ 29. Kh2 Qxb2 30. Rf5 Rf8 31. Ref3 Rab8 32. Qc7 Rbc8 33. Qxa5 g6 34. Rg3 Qb1 35. Rf4 Rc1 36. Rb3 Rh1+ 37. Kg3 Qg1 38. Qd2 Qh2+ 39. Kf3 h5 40. Rd4 Rg1 41. Qg5 Qxh3+ 42. gxh3 Rxg5 43. Rxb5 Rf5+ 44. Rf4 Rxf4+ 45. Kxf4 Ra8 46. Ke5 Kf8 47. Rb2 Ke8 48. Kd6 g5 49. a4 h4 50. f3 Rd8+ 51. Kc6 Rc8+ 52. Kd6 Rd8+ 53. Ke5 Ra8 54. Ra2 Ra6 55. Kf5 f6 56. Re2+ Kd7 57. Re4 Rd6 58. Rd4 Kc7 59. Rc4+ Kd7 60. Rc5 Rb6 61. Rb5 Ra6 62. a5 Ke7 63. Rb7+ Kd8 64. Rf7 Rd6 65. a6 Rxa6 66. Rxf6 Ra3 67. Kxg5 Ke7 68. d6+ Kd7 69. Kxh4 Ra1 70. Kh5 1-0

[Event "Parnu-B"]
[Site "Parnu"]
[Date "1996.??.??"]
[Round "3"]
[White "Rytshagov, Mikhail"]
[Black "Westerinen, Heikki MJ"]
[Result "1/2-1/2"]
[WhiteElo "2495"]
[BlackElo "2410"]
[PlyCount "92"]
[EventDate "1996.02.??"]
[Source "ChessBase"]

1. e4 d5 2. exd5 Qxd5 3. Nc3 Qa5 4. d4 Nf6 5. Nf3 Bf5 6. Bd2 c6 7. Bc4 e6 8. Qe2 Bb4 9. O-O-O Nbd7 10. Nh4 Bg4 11. f3 Bxc3 12. bxc3 Bh5 13. g4 Bg6 14. Bb3 Qa3+ 15. Kb1 a5 16. Nf5 a4 17. Nxg7+ Kd8 18. Bc1 Qf8 19. Bh6 axb3 20. Nxe6+ fxe6 21. Bxf8 bxc2+ 22. Ka1 cxd1=Q+ 23. Rxd1 Rxf8 24. c4 Kc7 25. h4 Ra4 26. Qh2+ Kc8 27. h5 Bf7 28. Rc1 Ne8 29. Qc2 Ra3 30. Qxh7 Rxf3 31. g5 Bg8 32. Qe7 Rh3 33. h6 Nc7 34. Qg7 Ne8 35. Qe7 Rh2 36. Rg1 e5 37. d5 cxd5 38. cxd5 Bxd5 39. h7 Nc7 40. Rc1 Bc4 41. h8=Q Rxa2+ 42. Kb1 Rxh8 43. Rxc4 Ra6 44. Qg7 Rh1+ 45. Kb2 Rh2+ 46. Kb1 Rh1+ 1/2-1/2

[Event "Gausdal Int"]
[Site "Gausdal NOR"]
[Date "1993.??.??"]
[Round "5"]
[White "Gipslis, Aivars P"]
[Black "Maus, Soenke"]
[Result "1/2-1/2"]
[WhiteElo "2490"]
[BlackElo "2415"]
[PlyCount "47"]
[EventDate "1993.08.??"]
[Source "www.chesslib.no"]
[SourceDate "2004.05.04"]

1. e4 d5 2. exd5 Qxd5 3. Nc3 Qa5 4. d4 Nf6 5. Nf3 Bf5 6. Ne5 c6 7. Bc4 e6 8. O-O Nbd7 9. Nxd7 Nxd7 10. Bf4 Bb4 11. Ne2 O-O 12. Ng3 Bg6 13. c3 Be7 14. Re1 Qb6 15. Qe2 Rfe8 16. a4 a5 17. Rad1 Nf6 18. h4 h5 19. Bg5 Qc7 20. Qf3 Ng4 21. Bd3 Bxd3 22. Rxd3 g6 23. Nf1 Rad8 24. Bxe7 1/2-1/2

[Event "Bohemians"]
[Site "Prague CZE"]
[Date "1982.??.??"]
[Round "2"]
[White "Panchenko, Alexander N"]
[Black "Kosanski, Stanko"]
[Result "1-0"]
[WhiteElo "2480"]
[BlackElo "2420"]
[PlyCount "59"]
[EventDate "1982.01.??"]
[Source "www.chesslib.no"]
[SourceDate "2004.05.04"]

1. e4 d5 2. exd5 Qxd5 3. Nc3 Qa5 4. d4 Nf6 5. Nf3 Bf5 6. Bd2 c6 7. Bc4 e6 8. Ne5 Qb6 9. Qe2 Qxd4 10. O-O-O Nbd7 11. Nxd7 Nxd7 12. Be3 Qh4 13. g3 Qh3 14. f3 Bc5 15. Bf4 O-O-O 16. g4 Bg6 17. Ne4 Bxe4 18. Qxe4 e5 19. Bg5 f5 20. gxf5 Rde8 21. Bf7 h6 22. Bxe8 Rxe8 23. Bh4 h5 24. Bg3 Nf6 25. Qd3 Bb6 26. Rhe1 Rd8 27. Qa3 Nd5 28. c4 Nf6 29. Rxd8+ Bxd8 30. Qxa7 1-0

[Event "Cup Open"]
[Site "?"]
[Date "1999.??.??"]
[Round "?"]
[White "Galkin Alexander"]
[Black "Feoktistov Alexey A"]
[Result "1-0"]
[WhiteElo "2507"]
[BlackElo "2390"]
[PlyCount "53"]
[EventDate "1999.??.??"]
[Source "www.chesslib.no"]
[SourceDate "2004.05.04"]

1. e4 d5 2. exd5 Qxd5 3. Nc3 Qa5 4. d4 Nf6 5. Nf3 Bf5 6. Bd2 c6 7. Ne4 Qb6 8. Nxf6+ gxf6 9. Bc3 e6 10. Qd2 h5 11. Nh4 Bh6 12. Qe2 Bh7 13. g3 Nd7 14. Bg2 O-O-O 15. a4 Qa6 16. Qxa6 bxa6 17. Bxc6 Bxc2 18. a5 Bd3 19. f4 Bg7 20. Rc1 Kb8 21. Kf2 f5 22. Nf3 Nf6 23. Ng5 Be4 24. Nxe4 fxe4 25. h4 e5 26. Rh2 Rh7 27. Rg2 1-0

[Event "Novgorod op"]
[Site "Novgorod"]
[Date "1999.03.22"]
[Round "4"]
[White "Galkin, Alexander"]
[Black "Feoktistov, Alexey A"]
[Result "1-0"]
[WhiteElo "2507"]
[BlackElo "2390"]
[PlyCount "97"]
[EventDate "1999.03.19"]
[Source "ChessBase"]
[SourceDate "1999.05.10"]

1. e4 d5 2. exd5 Qxd5 3. Nc3 Qa5 4. d4 Nf6 5. Nf3 Bf5 6. Bd2 c6 7. Ne4 Qb6 8. Nxf6+ gxf6 9. Bc3 e6 10. Qd2 h5 11. Nh4 Bh6 12. Qe2 Bh7 13. g3 Nd7 14. Bg2 O-O-O 15. a4 Qa6 16. Qxa6 bxa6 17. Bxc6 Bxc2 18. a5 Bd3 19. f4 Bg7 20. Rc1 Kb8 21. Kf2 f5 22. Nf3 Nf6 23. Ng5 Be4 24. Nxe4 Nxe4+ 25. Kf3 Bxd4 26. Bxe4 fxe4+ 27. Kxe4 Bxc3 28. Rxc3 Rd2 29. Rb3+ Ka8 30. Ke5 h4 31. g4 h3 32. Kf6 Rf2 33. Rb4 Rb8 34. Rc4 Rg8 35. g5 Kb7 36. Rd1 e5 37. Rd7+ Kb8 38. Rb4+ Kc8 39. Rxa7 Rg6+ 40. Kxe5 Rxh2 41. Rxf7 Re2+ 42. Kf5 h2 43. Rh7 Rg7 44. Rh8+ Kc7 45. Rb6 Rd7 46. Rxa6 Rd5+ 47. Kg4 Rg2+ 48. Kf3 Rxb2 49. Rh7+ 1-0

[Event "Catalunya Team Ch"]
[Site "ESP"]
[Date "1995.??.??"]
[Round "?"]
[White "Martin Gonzalez, Angel"]
[Black "Mellado Trivino, Juan"]
[Result "1-0"]
[WhiteElo "2440"]
[BlackElo "2445"]
[PlyCount "95"]
[EventDate "1995.??.??"]
[Source "www.chesslib.no"]
[SourceDate "2004.05.04"]

1. e4 d5 2. exd5 Qxd5 3. Nc3 Qa5 4. d4 Nf6 5. Nf3 Bf5 6. Bd3 e6 7. Ne5 Bxd3 8. Qxd3 Nbd7 9. Nc4 Qf5 10. Qxf5 exf5 11. Ne3 g6 12. Nb5 Kd8 13. O-O c6 14. Nc3 Nb6 15. a4 Kd7 16. a5 Nbd5 17. Nc4 Bd6 18. Nxd5 Nxd5 19. Nxd6 Kxd6 20. c4 Nc7 21. Bf4+ Kd7 22. Rfe1 Rhe8 23. Kf1 Re6 24. Ra3 Rae8 25. Rxe6 Nxe6 26. Be5 Kc8 27. Rd3 b5 28. cxb5 cxb5 29. Rc3+ Kb7 30. d5 b4 31. Rc4 Nc5 32. Rxb4+ Ka6 33. f4 f6 34. Bc3 Rd8 35. Rd4 Ne4 36. Be1 Rd7 37. Ke2 Kb5 38. Kd3 a6 39. g4 Kc5 40. gxf5 gxf5 41. Bb4+ Kb5 42. d6 h5 43. Kc2 Kc6 44. Rc4+ Kd5 45. Rc7 Ke6 46. Rc6 Rb7 47. Rb6 Rg7 48. d7+ 1-0

[Event "Clichy"]
[Site "Clichy FRA"]
[Date "1993.??.??"]
[Round "6"]
[White "Santo Roman, Marc"]
[Black "Prie, Eric"]
[Result "0-1"]
[WhiteElo "2410"]
[BlackElo "2470"]
[PlyCount "74"]
[EventDate "1993.??.??"]
[Source "www.chesslib.no"]
[SourceDate "2004.05.04"]

1. e4 d5 2. exd5 Qxd5 3. Nc3 Qa5 4. d4 Nf6 5. Nf3 Bf5 6. Bd2 e6 7. Ne5 Qb6 8. Qe2 Nc6 9. Nxc6 Qxc6 10. Qb5 O-O-O 11. Qxc6 bxc6 12. Ba6+ Kb8 13. O-O-O Rxd4 14. Bf4 Rxd1+ 15. Rxd1 Be7 16. Ne2 c5 17. c4 Rd8 18. Rxd8+ Bxd8 19. Nc3 Ne4 20. Nxe4 Bxe4 21. f3 Bd3 22. Kd2 Bf1 23. g4 Be7 24. Be3 Bd6 25. h4 e5 26. Ke1 Bd3 27. Kd2 e4 28. f4 Be7 29. g5 c6 30. f5 Kc7 31. b3 Bd6 32. h5 g6 33. fxg6 fxg6 34. hxg6 hxg6 35. Kd1 Bf1 36. a3 Bh3 37. b4 Kb6 0-1

[Event "FRA Ch"]
[Site "Nantes FRA"]
[Date "1993.??.??"]
[Round "14"]
[White "Apicella, Manuel"]
[Black "Relange, Eloi"]
[Result "1-0"]
[WhiteElo "2495"]
[BlackElo "2365"]
[PlyCount "63"]
[EventDate "1993.08.??"]
[Source "www.chesslib.no"]
[SourceDate "2004.05.04"]

1. e4 d5 2. exd5 Qxd5 3. Nc3 Qa5 4. d4 Nf6 5. Nf3 Bf5 6. Bc4 e6 7. Bd2 c6 8. Qe2 Bb4 9. O-O-O Nbd7 10. Nh4 Bg4 11. f3 Bxc3 12. bxc3 Bh5 13. g4 Bg6 14. Nxg6 hxg6 15. Kb1 Nd5 16. Ka1 b5 17. Bb3 Nxc3 18. Qe1 b4 19. Bxc3 bxc3 20. f4 Rh3 21. Bxe6 O-O-O 22. Bxd7+ Rxd7 23. Rb1 Qc7 24. Qe8+ Rd8 25. Qe4 Rd6 26. f5 gxf5 27. gxf5 Qd7 28. Rhg1 f6 29. Rxg7 Qxg7 30. Qe8+ Rd8 31. Qxc6+ Qc7 32. Qa6+ 1-0

[Event "Poland"]
[Site "Poland"]
[Date "1985.??.??"]
[Round "?"]
[White "Sznapik, Aleksander"]
[Black "Przewoznik, Jan"]
[Result "0-1"]
[WhiteElo "2450"]
[BlackElo "2405"]
[PlyCount "60"]
[EventDate "1985.??.??"]
[Source "www.chesslib.no"]
[SourceDate "2004.05.04"]

1. e4 d5 2. exd5 Qxd5 3. Nc3 Qa5 4. d4 Nf6 5. Nf3 Bf5 6. Ne5 c6 7. g4 Be6 8. g5 Ne4 9. Bd2 Nxd2 10. Qxd2 Nd7 11. f4 Nxe5 12. fxe5 O-O-O 13. Bg2 h6 14. g6 fxg6 15. a3 Bf5 16. b4 Qc7 17. b5 c5 18. b6 axb6 19. Nb5 Qb8 20. e6 Bxe6 21. Qe2 Bd7 22. O-O e6 23. a4 cxd4 24. Rxf8 Rdxf8 25. Qc4+ Kd8 26. Qxd4 Ke7 27. Qxg7+ Rf7 28. Qxg6 Rg8 29. Qxh6 Rxg2+ 30. Kxg2 Qg8+ 0-1

[Event "Domen Lucija, Open"]
[Site "Portoroz"]
[Date "2004.04.17"]
[Round "9"]
[White "Pavlovic, Milos"]
[Black "Jeric, Simon"]
[Result "1-0"]
[WhiteElo "2545"]
[BlackElo "2305"]
[PlyCount "85"]
[EventDate "2004.04.24"]
[Source "Roberto Alvarez"]
[SourceDate "2004.05.10"]

1. e4 d5 2. exd5 Qxd5 3. Nc3 Qa5 4. d4 Nf6 5. Nf3 Bf5 6. Bc4 e6 7. Bd2 c6 8. Qe2 Bb4 9. O-O-O Nbd7 10. Kb1 O-O-O 11. Nh4 Bg6 12. a3 Bxc3 13. Bxc3 Qc7 14. Nxg6 hxg6 15. h4 Nd5 16. Bd2 Rhe8 17. Qf3 N7f6 18. Bb3 e5 19. c4 Ne7 20. dxe5 Qxe5 21. Bc2 Nf5 22. Bc3 Qc5 23. h5 Qxc4 24. Bxf5+ gxf5 25. Rxd8+ Kxd8 26. h6 Qe4+ 27. Qxe4 fxe4 28. g4 Rh8 29. g5 Ne8 30. Bxg7 Rh7 31. Bd4 b6 32. Rh4 Nd6 33. Be5 Nc4 34. Bf6+ Kd7 35. Kc2 Nd6 36. Be5 Nb7 37. Rxe4 Ke6 38. Bd4+ Kf5 39. Re5+ Kg6 40. f4 Na5 41. Re8 f6 42. Rg8+ Kf7 43. Rc8 1-0

[Event "Bad Woerishofen Open"]
[Site "Bad Woerishofen GER"]
[Date "1992.??.??"]
[Round "7"]
[White "Korneev, Oleg"]
[Black "Maus, Soenke"]
[Result "0-1"]
[WhiteElo "2465"]
[BlackElo "2385"]
[PlyCount "90"]
[EventDate "1992.03.??"]
[Source "www.chesslib.no"]
[SourceDate "2004.05.04"]

1. e4 d5 2. exd5 Qxd5 3. Nc3 Qa5 4. d4 Nf6 5. Nf3 Bf5 6. Ne5 c6 7. g4 Be6 8. h3 Nbd7 9. Nxd7 Nxd7 10. Be3 Bd5 11. Rg1 e6 12. Bd2 Qb6 13. Nxd5 cxd5 14. Bc3 Bb4 15. Qd2 Bxc3 16. Qxc3 O-O 17. O-O-O Rfc8 18. Qb3 Qc7 19. Rg3 Nb6 20. Kb1 Rab8 21. Rc3 Nc4 22. Bxc4 dxc4 23. Qb5 a6 24. Qe5 Qd8 25. f4 b5 26. f5 b4 27. Re3 Rb5 28. Qe4 Rb6 29. fxe6 fxe6 30. Qf4 c3 31. Rf1 Qd7 32. Ref3 Rbb8 33. Kc1 h6 34. bxc3 bxc3 35. Rxc3 Rf8 36. Rb3 Rbc8 37. Qxf8+ Rxf8 38. Rxf8+ Kxf8 39. Rd3 Qa4 40. a3 Ke7 41. Kd2 Kd6 42. Kc1 Kd5 43. Kd2 Ke4 44. Kc1 Qc4 45. Kd2 g5 0-1

[Event "Kecskemet Open"]
[Site "Kecskemet HUN"]
[Date "1987.??.??"]
[Round "?"]
[White "Siklosi, Zoltan"]
[Black "Halasz, Tamas"]
[Result "1-0"]
[WhiteElo "2285"]
[BlackElo "2560"]
[PlyCount "43"]
[EventDate "1987.06.??"]
[Source "www.chesslib.no"]
[SourceDate "2004.05.04"]

1. e4 d5 2. exd5 Qxd5 3. Nc3 Qa5 4. d4 Nf6 5. Nf3 Bf5 6. Bc4 c6 7. Bd2 Qd8 8. Qe2 e6 9. O-O-O Be7 10. Ne5 Nd5 11. g4 Bg6 12. h4 Bxh4 13. f4 Nxc3 14. Bxc3 b5 15. Bb3 a5 16. f5 a4 17. fxg6 axb3 18. gxf7+ Kf8 19. Rxh4 g5 20. Ng6+ Kg7 21. d5+ Kxg6 22. Qxe6+ 1-0

[Event "Cappelle Open"]
[Site "Cappelle la Grande FRA"]
[Date "1994.??.??"]
[Round "7"]
[White "Lanka, Zigurds"]
[Black "Hansen, Mads Smith"]
[Result "1/2-1/2"]
[WhiteElo "2535"]
[BlackElo "2310"]
[PlyCount "65"]
[EventDate "1994.02.??"]
[Source "www.chesslib.no"]
[SourceDate "2004.05.04"]

1. e4 d5 2. exd5 Qxd5 3. Nc3 Qa5 4. d4 Nf6 5. Nf3 Bf5 6. Bc4 c6 7. Bd2 e6 8. Ne2 Qc7 9. Ng3 Bg4 10. h3 Bxf3 11. Qxf3 Nbd7 12. O-O-O Bd6 13. Kb1 O-O-O 14. Be3 Kb8 15. Bb3 Ka8 16. Ne2 c5 17. Nc3 a6 18. Qe2 cxd4 19. Rxd4 Bc5 20. Rc4 Qa5 21. Bd2 Ba7 22. Ne4 Qb6 23. Ng5 Qxf2 24. Qxf2 Bxf2 25. Nxf7 Ne5 26. Nxd8 Nxc4 27. Bxc4 Rxd8 28. Ba5 b6 29. Bc3 Ne4 30. Bxe6 Ng3 31. Rc1 Ne2 32. Rf1 Ng3 33. Rc1 1/2-1/2

[Event "Wch Seniors"]
[Site "Bad Wildbad GER"]
[Date "1993.??.??"]
[Round "6"]
[White "Suetin, Alexei S"]
[Black "Lein, Anatoly Y"]
[Result "1/2-1/2"]
[WhiteElo "2380"]
[BlackElo "2465"]
[PlyCount "25"]
[EventDate "1993.11.??"]
[Source "www.chesslib.no"]
[SourceDate "2004.05.04"]

1. e4 d5 2. exd5 Qxd5 3. Nc3 Qa5 4. d4 Nf6 5. Nf3 Bf5 6. Ne5 c6 7. Nc4 Qd8 8. g3 Be6 9. Ne3 g6 10. Bg2 Bg7 11. O-O O-O 12. Re1 Qc8 13. Ne2 1/2-1/2

[Event "Trencianske Teplice"]
[Site "Trencianske Teplice"]
[Date "1981.??.??"]
[Round "6"]
[White "Barczay, Laszlo"]
[Black "Hennings, Artur"]
[Result "1-0"]
[WhiteElo "2420"]
[BlackElo "2425"]
[PlyCount "85"]
[EventDate "1981.12.??"]
[Source "ChessBase"]

1. e4 d5 2. exd5 Qxd5 3. Nc3 Qa5 4. d4 Nf6 5. Nf3 Bf5 6. Bb5+ c6 7. Bd3 Bg4 8. h3 Bh5 9. Qe2 e6 10. Bd2 Bb4 11. a3 Nbd7 12. O-O-O Bxc3 13. Bxc3 Qc7 14. g4 Bg6 15. Bxg6 hxg6 16. Ng5 Nb6 17. Qe5 Qd7 18. f3 Qd5 19. b3 Nbd7 20. Qe3 a5 21. Ne4 b5 22. Be1 O-O 23. Bg3 b4 24. a4 Ne8 25. h4 Ndf6 26. h5 gxh5 27. g5 Nd7 28. Rxh5 f5 29. Nc5 f4 30. Bxf4 Nxc5 31. dxc5 Qf5 32. Rh4 Ra7 33. Rdh1 Rd7 34. Be5 Rd5 35. f4 Qg6 36. Rd1 Rxd1+ 37. Kxd1 Rf7 38. Qd4 Re7 39. Rh2 Kf7 40. Rh8 Qf5 41. Qd8 Qe4 42. Kc1 Qe3+ 43. Kb2 1-0

[Event "It (cat.8)"]
[Site "?"]
[Date "2005.05.04"]
[Round "5"]
[White "Meszaros Michal"]
[Black "Klima Lukas"]
[Result "0-1"]
[WhiteElo "2354"]
[BlackElo "2489"]
[PlyCount "74"]
[EventDate "2005.??.??"]
[Source "www.chesslib.no"]
[SourceDate "2004.05.04"]

1. e4 d5 2. exd5 Qxd5 3. Nc3 Qa5 4. d4 Nf6 5. Nf3 Bf5 6. Bd2 c6 7. Bc4 e6 8. Nd5 Qd8 9. Nxf6+ gxf6 10. c3 Nd7 11. Qe2 Qc7 12. Nh4 Bg6 13. f4 Nb6 14. Bb3 f5 15. O-O-O O-O-O 16. g3 Nd5 17. Kb1 Be7 18. c4 Nf6 19. Be3 Bh5 20. Nf3 Kb8 21. Rd3 Ne4 22. Rhd1 Bf6 23. Bg1 Rd7 24. Qe3 Rhd8 25. Bc2 b6 26. Re1 c5 27. d5 exd5 28. cxd5 Rxd5 29. Rxd5 Rxd5 30. Bxe4 fxe4 31. Ng5 Bg6 32. Kc1 Qe7 33. Qb3 Rd8 34. Qc4 Bd4 35. Be3 h6 36. Nh3 Bxe3+ 37. Rxe3 Qd7 0-1

[Event "Czech Open"]
[Site "?"]
[Date "1998.07.17"]
[Round "1"]
[White "Hracek Zbynek"]
[Black "Kujovic Michal"]
[Result "1-0"]
[WhiteElo "2610"]
[BlackElo "2230"]
[PlyCount "61"]
[EventDate "1998.??.??"]
[Source "www.chesslib.no"]
[SourceDate "2004.05.04"]

1. e4 d5 2. exd5 Qxd5 3. Nc3 Qa5 4. d4 Nf6 5. Nf3 Bf5 6. Bd2 c6 7. Bc4 Qc7 8. Ne5 e6 9. g4 Be4 10. Nxe4 Nxe4 11. Bf4 Nd7 12. Qf3 Nxe5 13. Bxe5 Nd6 14. O-O-O O-O-O 15. Bb3 h5 16. g5 Qe7 17. Rhg1 Nf5 18. Qe4 Qd7 19. g6 Bd6 20. gxf7 Qxf7 21. Rg5 Rhf8 22. Bg3 Rde8 23. Re1 Kd7 24. Kb1 Re7 25. a3 h4 26. Bxd6 Nxd6 27. Qg4 Kc7 28. Rxe6 Rxe6 29. Rxg7 Qxg7 30. Qxg7+ Rf7 31. Qg1 1-0

[Event "South California Ch"]
[Site "USA"]
[Date "1995.??.??"]
[Round "6"]
[White "Peters, John A"]
[Black "Lakdawala, Cyrus"]
[Result "1/2-1/2"]
[WhiteElo "2475"]
[BlackElo "2360"]
[PlyCount "95"]
[EventDate "1995.??.??"]
[Source "www.chesslib.no"]
[SourceDate "2004.05.04"]

1. e4 d5 2. exd5 Qxd5 3. Nc3 Qa5 4. d4 Nf6 5. Nf3 Bf5 6. Bc4 c6 7. O-O e6 8. Re1 Nbd7 9. h3 Bb4 10. Bd2 O-O 11. Nh4 Bg6 12. Nxg6 hxg6 13. a3 Bxc3 14. Bxc3 Qc7 15. Qf3 Nd5 16. Bd2 b5 17. Ba2 N7b6 18. Rad1 Qe7 19. Qg3 Nc4 20. Bc1 a5 21. h4 Nd6 22. Qh3 Rfe8 23. c3 Nf5 24. Bg5 f6 25. Bc1 Kf7 26. h5 Rh8 27. hxg6+ Kxg6 28. Qg4+ Kf7 29. g3 Rh7 30. Bb1 g6 31. Kg2 Rah8 32. Rh1 Qd8 33. Rxh7+ Rxh7 34. Rh1 Rxh1 35. Kxh1 Nde7 36. Ba2 g5 37. Qh5+ Ng6 38. Qh7+ Ng7 39. Bxe6+ Kxe6 40. Qxg6 Nf5 41. Bxg5 Nxg3+ 42. fxg3 Qd5+ 43. Kg1 Qxg5 44. Qe4+ Kd6 45. Kf2 Qc1 46. Qe2 a4 47. Kf3 Qb1 48. Kf4 1/2-1/2

[Event "Wichern Open 3rd"]
[Site "Hamburg GER"]
[Date "1995.??.??"]
[Round "1"]
[White "Lutz, Christopher"]
[Black "Hebbinghaus, Holger"]
[Result "1-0"]
[WhiteElo "2560"]
[BlackElo "2275"]
[PlyCount "65"]
[EventDate "1995.09.??"]
[Source "www.chesslib.no"]
[SourceDate "2004.05.04"]

1. e4 d5 2. exd5 Qxd5 3. Nc3 Qa5 4. d4 Nf6 5. Nf3 Bf5 6. Ne5 c6 7. Bf4 e6 8. g4 Be4 9. Nc4 Qd8 10. Nxe4 Nxe4 11. Qf3 Nf6 12. O-O-O Be7 13. Bd3 Na6 14. Ne5 Nb4 15. Bc4 O-O 16. c3 Nbd5 17. Bd2 c5 18. dxc5 Bxc5 19. g5 Nd7 20. Ng4 Qc7 21. Bxd5 exd5 22. Bf4 Qa5 23. Qxd5 Nb6 24. Qb3 Rac8 25. Rhg1 Nc4 26. Qxc4 Be3+ 27. Nxe3 Rxc4 28. Nxc4 Qxa2 29. Na3 b5 30. Bd6 Rc8 31. Rg4 a6 32. Rgd4 Qa1+ 33. Kc2 1-0